00421nam a2200121Ia 4500008004100000245007200041260003700113260000900150300000600159650002600165650001200191856009600203170516s9999 xx 000 0 und d aImaging and differential diagnosis of pediatric spinal tuberculosis bRadiology of Infectious Diseases c2015 a: xRadiologic Technology xRadtech uhttps://www.journals.elsevier.com/radiology-of-infectious-diseases/most-downloaded-articles